000
00290nam a2200121 a 4500
001
4144
005
20140414131920.0
008
090317s19uu xx 00 eng d
050
_a
ER
_b
C46 1995
100
_a
Milne, A. A.
245
_a
Christopher Robin gives pooh a party.
999
_c
111697
_d
111697